Noodle / (Record no. 40815)
[ view plain ]
| 000 -LEADER | |
|---|---|
| fixed length control field | 00773nam a2200253 a 4500 |
| 001 - CONTROL NUMBER | |
| control field | vtls003026699 |
| 003 - CONTROL NUMBER IDENTIFIER | |
| control field | MY-SjTCS |
| 005 - DATE AND TIME OF LATEST TRANSACTION | |
| control field | 20200306163301.0 |
| 008 - FIXED-LENGTH DATA ELEMENTS--GENERAL INFORMATION | |
| fixed length control field | 110218t2000 at a 001 0 eng d |
| 020 ## - INTERNATIONAL STANDARD BOOK NUMBER | |
| International Standard Book Number | 1865083445 |
| 039 #9 - LEVEL OF BIBLIOGRAPHIC CONTROL AND CODING DETAIL [OBSOLETE] | |
| Level of rules in bibliographic description | 201102181703 |
| Level of effort used to assign nonsubject heading access points | VLOAD |
| Level of effort used to assign subject headings | 200604071742 |
| Level of effort used to assign classification | pushpa |
| -- | 200603291034 |
| -- | fadilah |
| 082 04 - DEWEY DECIMAL CLASSIFICATION NUMBER | |
| Classification number | 641.822 |
| Item number | DUR |
| 100 1# - MAIN ENTRY--PERSONAL NAME | |
| Personal name | Durack, Terry. |
| 9 (RLIN) | 230653 |
| 245 10 - TITLE STATEMENT | |
| Title | Noodle / |
| Statement of responsibility, etc. | Terry Durack ; photography by Geoff Lung. |
| 260 ## - PUBLICATION, DISTRIBUTION, ETC. | |
| Place of publication, distribution, etc. | St. Leonards, N.S.W. : |
| Name of publisher, distributor, etc. | Allen & Unwin, |
| Date of publication, distribution, etc. | 2000. |
| 300 ## - PHYSICAL DESCRIPTION | |
| Extent | 201 p.: |
| Other physical details | ill ; |
| Dimensions | 28 cm. |
| 500 ## - GENERAL NOTE | |
| General note | "A Sue Hines book". |
| 504 ## - BIBLIOGRAPHY, ETC. NOTE | |
| Bibliography, etc. note | Includes index. |
| 650 #0 - SUBJECT ADDED ENTRY--TOPICAL TERM | |
| Topical term or geographic name entry element | Cooking, Asian |
| 9 (RLIN) | 44991 |
| 650 #0 - SUBJECT ADDED ENTRY--TOPICAL TERM | |
| Topical term or geographic name entry element | Noodles |
| Geographic subdivision | Asia. |
| 9 (RLIN) | 230654 |
| 650 #0 - SUBJECT ADDED ENTRY--TOPICAL TERM | |
| Topical term or geographic name entry element | Cooking (Pasta) |
| 9 (RLIN) | 45390 |
| 700 1# - ADDED ENTRY--PERSONAL NAME | |
| Personal name | Lung, Geoff. |
| 9 (RLIN) | 230655 |
| 920 ## - Programme | |
| Programme | 641399 |
| Withdrawn status | Lost status | Source of classification or shelving scheme | Damaged status | Not for loan | Home library | Current library | Date acquired | Total Checkouts | Barcode | Date last seen | Date last checked out | Copy number | Koha item type | Public note |
|---|---|---|---|---|---|---|---|---|---|---|---|---|---|---|
| Dewey Decimal Classification | Taylor's Library-TU | Taylor's Library-TU | 29/03/2006 | 18 | 1000806849 | 05/12/2019 | 11/09/2017 | 1 | Main Collection | SCAFS,30003,02,GR |